Statistics for Top Grossing Movie Franchises

Click here to take the quiz!

General Stats

  • This quiz has been taken 2,045 times
  • The average score is 10 of 20

Answer Stats

# MoviesDomestic Box OfficeAnswer% Correct
12$5.082 BStar Wars
88%
29$10.686 BMarvel Cinematic Universe
79%
11$2.882 BHarry Potter
76%
15$3.153 BBatman
72%
6$2.259 BJurassic Park
67%
9$3.311 BSpider-Man
66%
27$2.298 BJames Bond
65%
6$1.852 BLord of the Rings (Peter Jackson)
63%
11$1.864 BFast and the Furious
62%
13$1.401 BStar Trek
51%
4$2.620 BAvengers
50%
5$1.436 BToy Story
49%
13$2.458 BX-Men
36%
4$1.452 BHunger Games
31%
5$1.452 BPirates of the Caribbean
28%
5$1.366 BTwilight
28%
7$1.582 BTransformers
27%
10$2.250 BDC Extended Universe
26%
5$1.420 BShrek
26%
5$1.583 BDespicable Me
24%

Score Distribution

Percentile by Number Answered

Percent of People with Each Score

Your Score History

You have not taken this quiz